Victorian Furniture (Record no. 447)

MARC details
000 -CABECERA
campo de control de longitud fija 00636nam a2200205 a 4500
001 - NÚMERO DE CONTROL
campo de control BRCA_515
005 - FECHA Y HORA DE LA ÚLTIMA TRANSACCIÓN
campo de control 20190320203037.0
008 - DATOS DE LONGITUD FIJA--INFORMACIÓN GENERAL
campo de control de longitud fija 780307s1987 enkf---###---#000-0#eng-#
020 ## - NÚMERO INTERNACIONAL ESTÁNDAR DEL LIBRO
Número Internacional Estándar del Libro 1851701443
040 ## - FUENTE DE LA CATALOGACIÓN
Centro catalogador/agencia de origen DLC
Centro/agencia transcriptor TU
Centro/agencia modificador DLC
050 #4 - SIGNATURA TOPOGRÁFICA DE LA BIBLIOTECA DEL CONGRESO
Número de clasificación NK2530
Número de documento/Ítem .S96 1987
100 1# - ENTRADA PRINCIPAL--NOMBRE DE PERSONA
Nombre de persona Symonds, Robert Wemyss
Fechas asociadas al nombre 1889-1958
9 (RLIN) 1769
245 10 - MENCIÓN DE TÍTULO
Título Victorian Furniture
Mención de responsabilidad, etc. by R. W. Symonds and B. B. Whineray.
260 ## - PUBLICACIÓN, DISTRIBUCIÓN, ETC.
Lugar de publicación, distribución, etc. Londres
Nombre del editor, distribuidor, etc. Studio Editions
Fecha de publicación, distribución, etc. 1987
300 ## - DESCRIPCIÓN FÍSICA
Extensión 215 p.
Otras características físicas il., láminas
Dimensiones 29 cm.
500 ## - NOTA GENERAL
Nota general Incluye índice alfabético
650 14 - PUNTO DE ACCESO ADICIONAL DE MATERIA--TÉRMINO DE MATERIA
Término de materia o nombre geográfico como elemento de entrada Muebles victorianos
Subdivisión cronológica Siglo XIX
Subdivisión geográfica Inglaterra
9 (RLIN) 1770
700 1# - PUNTO DE ACCESO ADICIONAL--NOMBRE DE PERSONA
Nombre de persona Whineray, B. B
9 (RLIN) 1771
942 ## - ELEMENTOS DE PUNTO DE ACCESO ADICIONAL (KOHA)
Fuente del sistema de clasificación o colocación Library of Congress Classification
Tipo de ítem Koha Libros
Holdings
Estado de retiro Estado de pérdida Estado dañado No para préstamo Localización permanente Ubicación/localización actual Fecha de adquisición Total de préstamos Signatura topográfica completa Código de barras Fecha visto por última vez Precio válido a partir de Tipo de ítem Koha
El ejemplar forma parte de la colección y puede ser consultado según las políticas vigentes.       Biblioteca del Museo Franz Mayer (Rogerio Casas-Alatriste) Biblioteca del Museo Franz Mayer (Rogerio Casas-Alatriste) 25/06/2008   NK2530 .S96 1987 00830 22/03/2019 22/03/2019 Libros